|
|
|
|
| LEADER |
00000nam a2200000 a 4500 |
| 001 |
vtls001374218 |
| 003 |
SK-MaSNL |
| 005 |
20260301201351.0 |
| 008 |
240318s1968 xx 0 und |
| 035 |
|
|
|a SNK000328094
|
| 040 |
|
|
|a SNK
|b slo
|c SNK
|e AACR2
|
| 100 |
1 |
|
|a Smékal, Odolen,
|d 1928-1998
|4 aut
|9 60471
|
| 245 |
1 |
0 |
|a Hindi Reader
|b A. Texts - Volume 2
|
| 260 |
|
|
|a Praha
|b Universita Karlova
|c 1968
|
| 300 |
|
|
|a 151 s.
|
| 958 |
|
|
|a OND
|
| 999 |
|
|
|c 894506
|d 896436
|
| 952 |
|
|
|t P60, <04>, [BOOK], {604}
|a SNK
|b SNK
|y VYP
|7 0
|p 17A0095888
|o snkIB 21651/2 D1
|0 0
|1 1
|4 0
|d 1999-10-09
|l 0
|r 2005-01-02 00:00:00
|w 2026-02-24
|